Shakespearean tragedy / (Record no. 186633)
[ view plain ]
| 000 -LEADER | |
|---|---|
| fixed length control field | 00894 a2200205 4500 |
| 003 - CONTROL NUMBER IDENTIFIER | |
| control field | Nust |
| 005 - DATE AND TIME OF LATEST TRANSACTION | |
| control field | 20230120101734.0 |
| 010 ## - LIBRARY OF CONGRESS CONTROL NUMBER | |
| LC control number | 31023324 |
| 040 ## - CATALOGING SOURCE | |
| Transcribing agency | Nust |
| 082 ## - DEWEY DECIMAL CLASSIFICATION NUMBER | |
| Classification number | 808.83,BRA |
| 100 ## - MAIN ENTRY--PERSONAL NAME | |
| Personal name | Bradley, Andrew Cecil, |
| 9 (RLIN) | 107205 |
| 245 ## - TITLE STATEMENT | |
| Title | Shakespearean tragedy / |
| Remainder of title | lectures on Hamlet, Othello, King Lear, Macbeth, |
| Statement of responsibility, etc. | A. C. Bradley, |
| 250 ## - EDITION STATEMENT | |
| Edition statement | 2nd ed |
| 260 ## - PUBLICATION, DISTRIBUTION, ETC. | |
| Place of publication, distribution, etc. | London, |
| Name of publisher, distributor, etc. | Macmillan and co., limited, |
| Date of publication, distribution, etc. | 1929. |
| 300 ## - PHYSICAL DESCRIPTION | |
| Extent | xi, 498 p |
| Other physical details | 23 cm |
| 505 ## - FORMATTED CONTENTS NOTE | |
| Formatted contents note | Introduction (Page-1), The Substance of Shakespearean Tragedy (Page-5), Construction in Shakespearean Tragedies (Page-40), Shakespeare’s Tragic Period Hamlet (Page-79), Hamlet (Page-129), Othello (Page-175), Othello (Page-207), King Lear (Page-243), King Lear (Page-280), Macbeth (Page-331), Macbeth (Page-366). |
| 600 ## - SUBJECT ADDED ENTRY--PERSONAL NAME | |
| Personal name | Bradley, Andrew Cecil, |
| 9 (RLIN) | 107205 |
| 650 ## - SUBJECT ADDED ENTRY--TOPICAL TERM | |
| Topical term or geographic name entry element | Shakespearean tragedy; |
| 9 (RLIN) | 107206 |
| 942 ## - ADDED ENTRY ELEMENTS (KOHA) | |
| Source of classification or shelving scheme | |
| Koha item type | Book |
| Withdrawn status | Lost status | Source of classification or shelving scheme | Damaged status | Not for loan | Permanent Location | Current Location | Shelving location | Date acquired | Full call number | Barcode | Date last seen | Price effective from | Koha item type | Public note |
|---|---|---|---|---|---|---|---|---|---|---|---|---|---|---|
| Military College of Signals (MCS) | Military College of Signals (MCS) | General Stacks | 12/12/2016 | 808.83,BRA | MCS29108 | 12/08/2016 | 12/12/2016 | Book | Almirah No.56, Shelf No.4 |
